<?xml version="1.0" encoding="UTF-8"?>
<record
    xmlns:xsi="http://www.w3.org/2001/XMLSchema-instance"
    xsi:schemaLocation="http://www.loc.gov/MARC21/slim http://www.loc.gov/standards/marcxml/schema/MARC21slim.xsd"
    xmlns="http://www.loc.gov/MARC21/slim">

  <leader>00918nas a22002537a 4500</leader>
  <datafield tag="999" ind1=" " ind2=" ">
    <subfield code="c">4923</subfield>
    <subfield code="d">4923</subfield>
  </datafield>
  <controlfield tag="001">4923</controlfield>
  <controlfield tag="003">CDMR</controlfield>
  <controlfield tag="005">20231121102943.0</controlfield>
  <controlfield tag="008">130130c2010|||||||a||||||||||||||||||||d</controlfield>
  <datafield tag="040" ind1=" " ind2=" ">
    <subfield code="b">cat</subfield>
    <subfield code="c">CDMR</subfield>
  </datafield>
  <datafield tag="110" ind1="2" ind2=" ">
    <subfield code="9">828</subfield>
    <subfield code="a">Consell de l'Audiovisual de Catalunya</subfield>
  </datafield>
  <datafield tag="245" ind1="1" ind2="0">
    <subfield code="a">Informe de l'audiovisual a Catalunya </subfield>
    <subfield code="c">/ Consell de l'Audiovisual de Catalunya</subfield>
  </datafield>
  <datafield tag="246" ind1=" " ind2=" ">
    <subfield code="a">Informe del sector audiovisual </subfield>
  </datafield>
  <datafield tag="260" ind1=" " ind2=" ">
    <subfield code="a">Barcelona :</subfield>
    <subfield code="b">CAC,</subfield>
    <subfield code="c">1997-</subfield>
  </datafield>
  <datafield tag="300" ind1=" " ind2=" ">
    <subfield code="a">v.</subfield>
    <subfield code="c">30 cm</subfield>
  </datafield>
  <datafield tag="500" ind1=" " ind2=" ">
    <subfield code="a">T&#xED;tol relacionat : Quaderns del CAC</subfield>
  </datafield>
  <datafield tag="500" ind1=" " ind2=" ">
    <subfield code="a">Variacions en el t&#xED;tol</subfield>
  </datafield>
  <datafield tag="500" ind1=" " ind2=" ">
    <subfield code="a">L'informe es publica tamb&#xE9; com a n&#xFA;mero monogr&#xE0;fic de la revista Quaderns del CAC</subfield>
  </datafield>
  <datafield tag="651" ind1="0" ind2="4">
    <subfield code="9">4609</subfield>
    <subfield code="a">Catalunya</subfield>
  </datafield>
  <datafield tag="653" ind1=" " ind2=" ">
    <subfield code="a">Pol&#xED;tica audiovisual</subfield>
  </datafield>
  <datafield tag="653" ind1=" " ind2=" ">
    <subfield code="a">Mem&#xF2;ria</subfield>
  </datafield>
  <datafield tag="856" ind1="4" ind2="0">
    <subfield code="u">https://www.cac.cat/acords-recerca/informes-del-sector-audiovisual</subfield>
    <subfield code="y">Disponible en l&#xED;nia des de l'any 2001</subfield>
    <subfield code="z">(Acc&#xE9;s lliure)</subfield>
  </datafield>
  <datafield tag="942" ind1=" " ind2=" ">
    <subfield code="c">SER</subfield>
    <subfield code="2">udc</subfield>
  </datafield>
  <datafield tag="952" ind1=" " ind2=" ">
    <subfield code="0">0</subfield>
    <subfield code="1">0</subfield>
    <subfield code="4">0</subfield>
    <subfield code="7">0</subfield>
    <subfield code="a">CDMR</subfield>
    <subfield code="b">CDMR</subfield>
    <subfield code="d">2013-01-16</subfield>
    <subfield code="h">2008</subfield>
    <subfield code="l">0</subfield>
    <subfield code="o">EF 11/14</subfield>
    <subfield code="p">CDMR13107879O</subfield>
    <subfield code="r">2013-01-16</subfield>
    <subfield code="w">2013-01-16</subfield>
    <subfield code="y">SER</subfield>
  </datafield>
  <datafield tag="952" ind1=" " ind2=" ">
    <subfield code="0">0</subfield>
    <subfield code="1">0</subfield>
    <subfield code="4">0</subfield>
    <subfield code="7">0</subfield>
    <subfield code="a">LLEIDA</subfield>
    <subfield code="b">LLEIDA</subfield>
    <subfield code="d">2016-10-27</subfield>
    <subfield code="h">2005</subfield>
    <subfield code="l">0</subfield>
    <subfield code="o">198EST</subfield>
    <subfield code="p">LLEIDA1312613267</subfield>
    <subfield code="r">2016-10-27</subfield>
    <subfield code="w">2016-10-27</subfield>
    <subfield code="y">SER</subfield>
  </datafield>
  <datafield tag="952" ind1=" " ind2=" ">
    <subfield code="0">0</subfield>
    <subfield code="1">0</subfield>
    <subfield code="4">0</subfield>
    <subfield code="7">0</subfield>
    <subfield code="a">CDMR</subfield>
    <subfield code="b">CDMR</subfield>
    <subfield code="d">2016-10-27</subfield>
    <subfield code="h">1999</subfield>
    <subfield code="l">0</subfield>
    <subfield code="o">EF 11/5</subfield>
    <subfield code="p">CDMR13107870F</subfield>
    <subfield code="r">2016-10-27</subfield>
    <subfield code="w">2016-10-27</subfield>
    <subfield code="y">SER</subfield>
  </datafield>
  <datafield tag="952" ind1=" " ind2=" ">
    <subfield code="0">0</subfield>
    <subfield code="1">0</subfield>
    <subfield code="4">0</subfield>
    <subfield code="7">0</subfield>
    <subfield code="a">CDMR</subfield>
    <subfield code="b">CDMR</subfield>
    <subfield code="d">2016-10-27</subfield>
    <subfield code="h">2001</subfield>
    <subfield code="l">0</subfield>
    <subfield code="o">EF 11/7</subfield>
    <subfield code="p">CDMR13107872H</subfield>
    <subfield code="r">2016-10-27</subfield>
    <subfield code="w">2016-10-27</subfield>
    <subfield code="y">SER</subfield>
  </datafield>
  <datafield tag="952" ind1=" " ind2=" ">
    <subfield code="0">0</subfield>
    <subfield code="1">0</subfield>
    <subfield code="4">0</subfield>
    <subfield code="7">0</subfield>
    <subfield code="a">CDMR</subfield>
    <subfield code="b">CDMR</subfield>
    <subfield code="d">2016-10-27</subfield>
    <subfield code="h">2002</subfield>
    <subfield code="l">0</subfield>
    <subfield code="o">EF 11/8</subfield>
    <subfield code="p">CDMR13107873I</subfield>
    <subfield code="r">2016-10-27</subfield>
    <subfield code="w">2016-10-27</subfield>
    <subfield code="y">SER</subfield>
  </datafield>
  <datafield tag="952" ind1=" " ind2=" ">
    <subfield code="0">0</subfield>
    <subfield code="1">0</subfield>
    <subfield code="4">0</subfield>
    <subfield code="7">0</subfield>
    <subfield code="a">CDMR</subfield>
    <subfield code="b">CDMR</subfield>
    <subfield code="d">2016-10-27</subfield>
    <subfield code="h">2003</subfield>
    <subfield code="l">0</subfield>
    <subfield code="o">EF 11/9</subfield>
    <subfield code="p">CDMR13107874J</subfield>
    <subfield code="r">2016-10-27</subfield>
    <subfield code="w">2016-10-27</subfield>
    <subfield code="y">SER</subfield>
  </datafield>
  <datafield tag="952" ind1=" " ind2=" ">
    <subfield code="0">0</subfield>
    <subfield code="1">0</subfield>
    <subfield code="4">0</subfield>
    <subfield code="7">0</subfield>
    <subfield code="a">CDMR</subfield>
    <subfield code="b">CDMR</subfield>
    <subfield code="d">2016-10-27</subfield>
    <subfield code="h">2004</subfield>
    <subfield code="l">1</subfield>
    <subfield code="o">EF 11/10</subfield>
    <subfield code="p">CDMR13107875K</subfield>
    <subfield code="r">2017-05-08</subfield>
    <subfield code="s">2017-05-05</subfield>
    <subfield code="w">2016-10-27</subfield>
    <subfield code="y">SER</subfield>
  </datafield>
  <datafield tag="952" ind1=" " ind2=" ">
    <subfield code="0">0</subfield>
    <subfield code="1">0</subfield>
    <subfield code="4">0</subfield>
    <subfield code="7">0</subfield>
    <subfield code="a">CDMR</subfield>
    <subfield code="b">CDMR</subfield>
    <subfield code="d">2016-10-27</subfield>
    <subfield code="h">2005</subfield>
    <subfield code="l">0</subfield>
    <subfield code="o">EF 11/11</subfield>
    <subfield code="p">CDMR13107876L</subfield>
    <subfield code="r">2016-10-27</subfield>
    <subfield code="w">2016-10-27</subfield>
    <subfield code="y">SER</subfield>
  </datafield>
  <datafield tag="952" ind1=" " ind2=" ">
    <subfield code="0">0</subfield>
    <subfield code="1">0</subfield>
    <subfield code="4">0</subfield>
    <subfield code="7">0</subfield>
    <subfield code="a">CDMR</subfield>
    <subfield code="b">CDMR</subfield>
    <subfield code="d">2016-10-27</subfield>
    <subfield code="h">2000</subfield>
    <subfield code="l">0</subfield>
    <subfield code="o">EF 11/6</subfield>
    <subfield code="p">CDMR13107871G</subfield>
    <subfield code="r">2016-10-27</subfield>
    <subfield code="w">2016-10-27</subfield>
    <subfield code="y">SER</subfield>
  </datafield>
  <datafield tag="952" ind1=" " ind2=" ">
    <subfield code="0">0</subfield>
    <subfield code="1">0</subfield>
    <subfield code="4">0</subfield>
    <subfield code="7">0</subfield>
    <subfield code="a">CDMR</subfield>
    <subfield code="b">CDMR</subfield>
    <subfield code="d">2016-10-27</subfield>
    <subfield code="h">2006</subfield>
    <subfield code="l">0</subfield>
    <subfield code="o">EF 11/12</subfield>
    <subfield code="p">CDMR13107877M</subfield>
    <subfield code="r">2016-10-27</subfield>
    <subfield code="w">2016-10-27</subfield>
    <subfield code="y">SER</subfield>
  </datafield>
  <datafield tag="952" ind1=" " ind2=" ">
    <subfield code="0">0</subfield>
    <subfield code="1">0</subfield>
    <subfield code="4">0</subfield>
    <subfield code="7">0</subfield>
    <subfield code="a">CDMR</subfield>
    <subfield code="b">CDMR</subfield>
    <subfield code="d">2016-10-27</subfield>
    <subfield code="h">2007</subfield>
    <subfield code="l">0</subfield>
    <subfield code="o">Ef 11/13</subfield>
    <subfield code="p">CDMR13107878N</subfield>
    <subfield code="r">2016-10-27</subfield>
    <subfield code="w">2016-10-27</subfield>
    <subfield code="y">SER</subfield>
  </datafield>
  <datafield tag="952" ind1=" " ind2=" ">
    <subfield code="0">0</subfield>
    <subfield code="1">0</subfield>
    <subfield code="4">0</subfield>
    <subfield code="7">0</subfield>
    <subfield code="a">CDMR</subfield>
    <subfield code="b">CDMR</subfield>
    <subfield code="d">2016-10-27</subfield>
    <subfield code="h">1997-1998</subfield>
    <subfield code="l">0</subfield>
    <subfield code="o">EF 11/4</subfield>
    <subfield code="p">CDMR13107869N</subfield>
    <subfield code="r">2016-10-27</subfield>
    <subfield code="w">2016-10-27</subfield>
    <subfield code="y">SER</subfield>
  </datafield>
</record>
